[Event "III Copa Roggio C"]
[Site "Asuncion PAR"]
[Date "2010.05.29"]
[Round "9"]
[White "Estigarribia,M"]
[Black "Benitez,J"]
[Result "0-1"]
[WhiteElo "1706"]
[BlackElo "1830"]
[EventDate "2010.05.20"]

1. c4 Nf6 2. Nc3 g6 3. g3 Bg7 4. Bg2 O-O 5. d3 e5 6. e4 h6 7. Nge2 c5 8.
O-O Nc6 9. f4 exf4 10. Nxf4 d6 11. h3 Nd4 12. Be3 Ne6 13. Qd2 Kh7 14. Nfd5
Nh5 15. g4 Nf6 16. Nxf6+ Bxf6 17. Bxh6 Bd4+ 18. Be3 Qh4 19. Ne2 Be5 20. Bf2
Qe7 21. d4 cxd4 22. Bxd4 Nxd4 23. Nxd4 Be6 24. b3 a6 25. Rad1 Rad8 26. Qf2
Kg7 27. Qe2 Rh8 28. Qf3 Rdf8 29. Kf2 Qc7 30. Ke2 Qa5 31. a4 Bd7 32. Qd3 Rd8
33. Nf3 b5 34. Nxe5 dxe5 35. Qf3 Be6 36. Qf6+ Kh7 37. Qxe5 Qb4 38. Qg3 Rxd1
39. Rxd1 bxc4 40. bxc4 Bxc4+ 41. Kf2 Qxa4 42. Qf3 Qa2+ 43. Ke3 Rb8 44. Kd4
Be2 45. Qf2 Qc4+ 46. Ke5 Qe6+ 47. Kd4 Bxd1 48. Bf1 Qb6+ 0-1

[Event "III Copa Roggio C"]
[Site "Asuncion PAR"]
[Date "2010.05.29"]
[Round "9"]
[White "Saldana,I"]
[Black "Torres,Mauricio"]
[Result "1-0"]
[WhiteElo "1833"]
[BlackElo "1649"]
[EventDate "2010.05.20"]

1. e4 c5 2. Nf3 d6 3. d4 cxd4 4. Nxd4 Nf6 5. Nc3 g6 6. Be3 Bg7 7. Qd2 Nc6
8. Nb3 O-O 9. f3 Bd7 10. O-O-O a5 11. h4 a4 12. Nd4 a3 13. b3 Nb4 14. Kb1
Rc8 15. Bd3 Qc7 16. Ncb5 Qa5 17. c4 Ra8 18. Nc3 Nxd3 19. Qxd3 Rfc8 20. Bd2
Qc5 21. Be3 Qa5 22. Ndb5 Ne8 23. Bd4 Nc7 24. Nxc7 Rxc7 25. Nd5 Rb8 26. Nxc7
Qxc7 27. Bxg7 Kxg7 28. Qd4+ f6 29. Rc1 e5 30. Qd2 Qc5 31. h5 g5 32. h6+ Kf8
33. Rhd1 Ke7 34. Qd5 Qb4 35. c5 1-0